Quick Pick: Celebrity Stage Names Quiz Stats

Quiz Updated Jul 9, 2016

Challenge
Share
Tweet
Embed
Score 0/16 Timer 01:30
1 Play Today
% Correct
Miley Cyrus
93.3%
Tom Cruise
92.9%
Katy Perry
91.2%
Alicia Keys
90.9%
Natalie Portman
87.6%
Marilyn Monroe
87.5%
Muhammad Ali
87.2%
Nicki Minaj
86.7%
% Correct
Lady Gaga
85.1%
David Bowie
83.4%
Barry Manilow
82.7%
George Michael
78.9%
Beck
78.5%
Elton John
68.1%
Freddie Mercury
67.9%
Gene Simmons
59.6%

Today's Daily Dose

You're not logged in!

Compare scores with friends on all Sporcle quizzes.
Sign Up with Email
OR
Log In

You Might Also Like...

Show Comments

Extras

Top Quizzes Today


Score Distribution

Your Account Isn't Verified!

In order to create a playlist on Sporcle, you need to verify the email address you used during registration. Go to your Sporcle Settings to finish the process.